000 00357nam a2200145Ia 4500
005 20240823064530.0
008 240823s9999||||xx |||||||||||||| ||und||
082 _A005.276 P7
100 _a"Bayross, Ivan"
245 0 _aPractical ASP
260 _c2007
_bBPB New
_aNew Delhi
500 _aYES
650 _aPractical ASP
_bComputer Science
942 _cNB
999 _c240945
_d240945